000 00195 a2200097 4500
020 _a9788430560714
041 _aspa
100 _aLecrercq, Jean paul
245 _aPeluso y la Cometa
942 _cBK
999 _c31728
_d31726